00696nam a2200193Ia 4500003000900000008004100009040001600050080002700066100002600093245009700119260003300216300001400249650002900263650004900292700002900341942000700370999001500377952011000392IN-BaIIA211028s9999 xx 000 0 eng d cIIA Library a083.3:524.3.335.3bSTR aStriganov, A. R98763 0aTables of spectral lines of neutral and ionized atomscA. R. Strignaov and N. S. Sventitskii aNew YorkbPlenum Pressc1968 axi, 899p. a Tables - Spectra98764 aAstronomy and astrophysics thesaurus 91143 aSventitskii, N. S.98765 cBK c4894d4894 00104070aBANbBANcGENd1976-07-13l0o083.3:524.3.335.3/ STRp5477r2021-11-05w1976-07-13yBK 75.00